00454nam a2200157 a 4500008004100000020001800041050002000059100001800079245007000097260002800167300002300195350000900218500001900227650002100246650002900267100118s2007 ||||||||||||||||| || u a9780750679671 aTK 7882.B56 Vac aVacca, John R10aBiometric technologies and verification systemscBy John R. Vacca aOxford:bElsevierc2007 axxvii, 625p.: ill. a0.00 aIncludes Index 7aTECHNOLOGY2fast aBIOMETRIC IDENTIFICATION